01065nam a2200241Ia 450000100060000000300090000600800410001504000130005604000130006904100120008210000180009410000290011224500780014124500780021925000110029726000110030826000160031926000490033530000430038450003410042765000240076865000310079222753IT-RoPAU130308s9999 xx 000 0 und d aIT-RoPAU cIT-RoPAU aINGLESE aLundqvist Par gCodice Aut. SPICS: 9241 aColor Graphics-The Use of Photography to Produce Graphic Designs in Color bColor Graphics-The Use Of Photography to produce Graphic Designs in Color a1a ed. aLONDON bFocal Press c1980 [1° Ed.:1980 - Ed.Ling.Originale:1980] a"108 p. (prefazione: no ; testo: 108)" aUso della fotografia per produrre Disegni Grefici in colore Sviluppo e Stampa a Colori Equipaggiamento per grafici a Colori Tecnica di Lavoro Controolo tonale dei negativi Esposizione maschera Fotografica Tecnica di Solarizzazione Pellicole per Colori Differenti Agfacontour Stampa dei grafici a Colori Manuale per un fotografo Creativo aTECNICA FOTOGRAFICA eCodice materia Spics: 6752